| 000 | 00928nam a2200265Ia 4500 | ||
|---|---|---|---|
| 008 | 130821s1996 sp gr spa | ||
| 020 | _a8434412705 | ||
| 040 |
_aCo-BoUCM _bspa |
||
| 041 | 0 | 0 | _aspa |
| 100 | 1 |
_aArmañanzas, Emy. _9161118 |
|
| 245 | 1 | 3 |
_aEl periodismo electrónico información y servicios multimedia en la era del ciber espacio _cEmy Armañanzas, Javier Díaz Noci y Koldo Meso |
| 260 |
_aBarcelona (España) _bEditorial Ariel _c1996 |
||
| 300 | _a245 páginas | ||
| 490 | _aAriel Comunicación | ||
| 504 | _aIncluye bibliografía | ||
| 650 | 0 | 4 |
_aInformación _917580 |
| 650 | 0 | 4 |
_aInformática _917593 |
| 650 | 0 | 4 |
_aPeriodismo _921340 |
| 650 | 0 | 4 |
_aPeriodismo _xSistemas telemáticos _97909 |
| 650 | 0 | 4 |
_aTelemática _925178 |
| 700 | 1 |
_aDíaz Noci, Javier _9161119 |
|
| 700 | 1 |
_aMeso, koldo _9161120 |
|
| 942 |
_cLIBRO _a24 _e1 _mA727p _2DEWEY _h070.5797 |
||
| 999 |
_c41896 _d41896 |
||